Statistics for General Knowledge Quiz #1

Click here to take the quiz!

General Stats

  • This quiz has been taken 77 times
  • The average score is 7 of 15

Answer Stats

Answer% Correct
What state is the White House in?Washington, D.C
93%
What colour are blueberries?Purple
80%
What is the capital of Iran?Tehran
71%
What is the most popular food around the world?Meat, Pasta, Rice
65%
Who invented the electric light bulb?Thomas Edison
62%
What year did America declare independence?July, 4th. 1776
58%
How many colours in a rainbow?Seven
58%
What is the most common word in the English language?The
55%
How many points is a freethrow shot in basketball?One Point
39%
Who is the most subscribed youtuber?PewDiePie
35%
What song has the lyrics; "Yeah, is it too late now to say sorry? " ?Sorry by Justin Beiber
32%
What rapper recently passed away who's name started with X?XXXTENTACION
19%
Who is the prime minister of Japan?Shinzō Abe
17%
How many centimetres in an inch?2.54cm
14%
When was the CN Tower built?February, 6th. 1973
4%

Score Distribution

Percentile by Number Answered

Percent of People with Each Score

Your Score History

You have not taken this quiz